|
|
|
|
| LEADER |
00000cam a2200000 a 4500 |
| 001 |
vtls001486319 |
| 003 |
SK-MaSNL |
| 005 |
20260302073743.0 |
| 008 |
240226s2004 xo l frn 001 0 slo |
| 015 |
|
|
|a SNBA2005/02-00432
|
| 020 |
|
|
|a 8088827302
|q (viazané)
|
| 035 |
|
|
|a SNK000441612
|
| 035 |
|
|
|a urn:nbn:sk:snk-am3j3o8
|
| 035 |
|
|
|a FC8FB76B-6135-4D9A-B1AD-9D020FB9E20E
|
| 035 |
|
|
|a urn:nbn:sk:snk-am00gl8e
|
| 040 |
|
|
|a SNK
|b slo
|c SNK
|e AACR2
|
| 041 |
1 |
|
|a slo
|h grc
|
| 044 |
|
|
|a xo
|c SK
|
| 072 |
|
7 |
|a 27-9
|x Dejiny kresťanskej cirkvi
|2 konspekt
|
| 072 |
|
7 |
|a 82-97
|x Náboženská literatúra. Duchovná literatúra (o nej)
|2 konspekt
|
| 080 |
|
|
|a 27-9"01"-284-051(=14)
|2 2011
|
| 080 |
|
|
|a 27-9"01/07"-284
|2 2011
|
| 080 |
|
|
|a 27-29
|2 2011
|
| 080 |
|
|
|a 27-1/-9
|2 2011
|
| 080 |
|
|
|a 27
|2 2011
|
| 080 |
|
|
|a (0.072)
|2 2011
|
| 080 |
|
|
|a (082.2)
|2 2011
|
| 245 |
0 |
0 |
|a Spisy apoštolských otcov
|c [preklad doplnených spisov z pôvodného gréckeho textu] Karol Gábriš
|
| 250 |
|
|
|a Dopl. a upr. vyd.
|
| 260 |
|
|
|a Bratislava
|b Evanjelická a bohoslovecká fakulta Univerzity Komenského
|c 2004
|
| 300 |
|
|
|a 365 strán
|b tabuľky
|c 23 cm
|
| 504 |
|
|
|a Bibliografia na strane 360-365. Indexy. Poznámky
|
| 648 |
|
7 |
|a 2. storočie
|2 SNKPH
|9 440849
|
| 650 |
0 |
7 |
|a patristické texty
|2 SNKPH
|9 85389
|
| 650 |
0 |
7 |
|a kresťanská literatúra
|2 SNKPH
|9 1742
|
| 650 |
0 |
7 |
|a apoštolskí otcovia
|2 SNKPH
|9 109909
|
| 650 |
0 |
7 |
|a kresťanské učenie
|2 SNKPH
|9 1960
|
| 650 |
0 |
7 |
|a kresťanstvo
|2 SNKPH
|9 2024
|
| 655 |
|
7 |
|a komentované vydanie
|2 SNKPH
|9 70501
|
| 655 |
|
7 |
|a antológie
|2 SNKPH
|9 70414
|
| 700 |
1 |
|
|a Gábriš, Karol,
|d 1919-1998
|4 trl
|9 164199
|
| 919 |
|
|
|a 80-88827-30-2
|
| 958 |
|
|
|a NT
|
| 958 |
|
|
|a NB
|
| 958 |
|
|
|a OP
|
| 968 |
|
|
|b GR
|
| 999 |
|
|
|c 1162210
|d 1164140
|
| 952 |
|
|
|t P60, <03>, [BOOK], {603}, -K-
|a SNK
|b SNK
|y PREZ
|7 0
|p 17A0453366
|o snkSC 118160
|i snkKSP 15186/2004
|0 0
|1 0
|4 0
|d 2004-12-01
|f 1
|l 0
|r 2025-10-07 00:00:00
|w 2026-02-24
|
| 952 |
|
|
|t P60, <04>, [BOOK], {604}
|a SNK
|b SNK
|y VYP
|7 0
|p 17A0453365
|o snkSC 118160 D1
|i snkKSP 15187/2004
|0 0
|1 0
|4 0
|d 2004-12-01
|l 0
|r 2005-01-02 00:00:00
|w 2026-02-24
|